Statistics for Guatemala First Level Subdivisions

Click here to take the quiz!

General Stats

  • This quiz has been taken 11 times
  • The average score is 8 of 22

Answer Stats

Departamentos% Correct
Guatemala
100%
Quetzaltenango
50%
Alta Verapaz
40%
Jalapa
40%
Santa Rosa
40%
San Marcos
40%
Baja Verapaz
40%
Petén
40%
Izabal
40%
Huehuetenango
40%
Jutiapa
30%
Escuintla
30%
El Progreso
30%
Quiché
30%
Retalhuleu
30%
Sacatepéquez
30%
Chiquimula
30%
Chimaltenango
30%
Sololá
30%
Suchitepéquez
30%
Totonicapán
30%
Zacapa
30%

Score Distribution

Percentile by Number Answered

Percent of People with Each Score

Your Score History

You have not taken this quiz